LEADER 00747nam0 2200229 450 001 000026219 005 20090615170449.0 100 $a20090615d1998----km-y0itay50------ba 101 0 $aeng 102 $aUS 105 $ay-------001yy 200 1 $aMatlab$elanguage of technical computing$eMatlab 5.2 product family new features 210 $aNatick (Mass.)$cMathWorks$d1998 215 $aXIV, (paginaz. varia)$cill.$d23 cm 500 10$aMATLAB$959185 610 1 $aMatlab 676 $a519.40285$v20$9Analisi numerica applicata. Elaborazione dei dati. Programmi. 801 0$aIT$bUNIPARTHENOPE$c20090615$gRICA$2UNIMARC 912 $a000026219 951 $cDSA$aM 519.40285/27$bM s.i.$d2009 996 $aMatlab$959185 997 $aUNIPARTHENOPE